000 00730cam a22002413a 4500
001 22871
003 PGUSA
005 20140828083503.0
008 071003s2007||||xxu|||||s|||||000 | eng d
040 _aPGUSA
_beng
042 _adc
050 4 _aF850.5
100 1 _aStoddard, Charles Warren,
_d1843-1909
245 1 0 _aOver the Rocky Mountains to Alaska
_h[electronic resource] /
_cCharles Warren Stoddard
260 _bProject Gutenberg,
_c2007
506 _aPublic domain in the USA.
516 _aElectronic text
653 _aWest (U.S.) -- Description and travel
653 _aAlaska -- Description and travel
830 0 _aProject Gutenberg
_v22871
856 4 0 _uhttp://www.gutenberg.org/ebooks/22871
942 _cEB
999 _c252126
_d252126